Statistics for Countries With The Most Arable Land

Click here to take the quiz!

General Stats

  • This quiz has been taken 69 times
  • The average score is 7 of 8

Answer Stats

Answer% Correct
United States
98%
Russia
95%
Brazil
94%
China
92%
India
88%
Canada
86%
Australia
83%
Ukraine
55%

Score Distribution

Percentile by Number Answered

Percent of People with Each Score

Your Score History

You have not taken this quiz